[Event "CRO-chT2 Center"]
[Site "Zagreb"]
[Date "2010.03.21"]
[Round "2.22"]
[White "Mravunac, Damir"]
[Black "Trbojevic, Mladen"]
[Result "1-0"]
[WhiteElo "2193"]
[BlackElo "2314"]
[PlyCount "93"]
[EventDate "2010.03.21"]
[EventType "team-tourn"]
[EventRounds "11"]
[EventCountry "CRO"]
[SourceTitle "EXT 2012"]
[Source "ChessBase"]
[SourceDate "2011.11.24"]
[SourceVersion "1"]
[SourceVersionDate "2011.11.24"]
[SourceQuality "1"]

1. e4 e5 2. Bc4 Nf6 3. Qf3 Nc6 4. Ne2 d6 5. h3 Be6 6. d3 Nb4 7. Na3 c6 8. Bxe6 fxe6 9. c3 Na6 10. Qg3 Nc5 11. 0-0 Qc7 12. f4 exf4 13. Bxf4 e5 14. Bd2 0-0-0 15. b4 Ncd7 16. Nc4 d5 17. exd5 cxd5 18. Ne3 g6 19. Ng4 Be7 20. Nxf6 Bxf6 21. Rac1 Qd6 22. Nd4 Rhf8 23. a4 a6 24. Bh6 Rfe8 25. Be3 Be7 26. Nb3 Qe6 27. c4 d4 28. Bd2 Nf6 29. Bg5 Nh5 30. Qh4 Bxg5 31. Qxg5 Nf4 32. Nc5 Qc6 33. Rc2 Kb8 34. Re1 Qd6 35. a5 Re7 36. Re4 Rf8 37. Rf2 Rf5 38. Qg4 Qf6 39. Kh2 h5 40. Qd1 Qc6 41. Re1 Ref7 42. Ref1 Nxg2 43. Rxf5 Rxf5 44. Qe2 Ne3 45. Rg1 Qf6 46. Nd7+ Kc7 47. Nxf6 1-0